Lyrics 40K Ufo361 - Statistiken

Allgemein
  • Dieses Quiz wurde 38 mal gespielt
  • Das Durchschnittsergebnis liegt bei 166 aus 315
Antwortstatistiken
Antwort % Korrekt
B
100%
W
100%
s
97%
S
97%
an
93%
F
93%
f
93%
me
93%
Meine
93%
40K
90%
Arm
90%
in
90%
meinem
90%
wie
90%
Ja
79%
ja
79%
300km/h
76%
der
76%
L
76%
ein
72%
ey
72%
Ey
72%
Fahr
72%
ich
72%
mit
72%
Bahn
69%
nie
69%
wieder
69%
eine
66%
sie
66%
Sie
66%
Als
59%
als
59%
shoppen
59%
Farm
55%
ihr
55%
mich
55%
misch
55%
die
52%
Ernte
52%
Kontostand
52%
Milan
52%
würd
52%
auf
48%
Lahm
48%
ne
48%
zieht
48%
das
41%
für
41%
Philipp
41%
wir
41%
Geh
38%
Gib
38%
Kohle
38%
mir
38%
so
38%
VVS
38%
X
38%
Balenciaga
34%
Deine
34%
deine
34%
ist
34%
jetzt
34%
kein
34%
Printer
34%
Roli
34%
will
34%
zu
34%
100K
31%
Druck
31%
Fendi
31%
Gestern
31%
Insta
31%
mehr
31%
Nein
31%
nein
31%
seid
31%
unbekannt
31%
Bundesbank
28%
eiskalt
28%
Finsternis
28%
Folgt
28%
gehen
28%
liefern
28%
Lover
28%
nicht
28%
Patek
28%
waren
28%
Winter
28%
Zeit
28%
all
24%
Audi
24%
Diamanten
24%
Digga
24%
drucken
24%
Euer
24%
Heute
24%
Hindernis
24%
Hunde
24%
Jenner
24%
Komm
24%
Kylie
24%
Leben
24%
Licht
24%
Mister
24%
nur
24%
Palace
24%
Richtung
24%
Test
24%
Von
24%
vorbei
24%
wollen
24%
Zähl
24%
Benz
21%
Cash
21%
danken
21%
Dieses
21%
Feature
21%
fliegen
21%
geht
21%
hoff
21%
noch
21%
sind
21%
Sky
21%
Tesla
21%
trage
21%
Vespa
21%
Alles
17%
Bounty
17%
Chains
17%
circa
17%
Dicka
17%
Dritte
17%
FedEx
17%
hundert
17%
Hunderter
17%
kauf
17%
längst
17%
macht
17%
rules
17%
Schauspiel
17%
S-Coupe
17%
Shaggy
17%
wärt
17%
around
14%
aussehen
14%
Coco
14%
Dweller
14%
everything
14%
Geld
14%
haben
14%
hier
14%
keine
14%
Nelly
14%
nen
14%
null
14%
real
14%
sich
14%
weg
14%
Brownies
10%
keinen
10%
Leute
10%
Männer
10%
nenn
10%
ready
10%
sweet
10%
viel
10%
Skyscanner
7%
Keine übereinstimmenden Quizze gefunden
Verteilung der Resultate
Anzahl Personen mit jedem Resultat
Perzentil nach korrekt beantworteten Fragen
Ihre Resultats-Entwicklung
Sie haben dieses Quiz noch nicht gespielt